000 00589nam a2200229Ia 4500
003 OSt
005 20220923230740.0
006 a|||||r|||| 00| 0
007 ta
008 Pun
024 _a305,262
037 _cTextual
040 _aARTS
_cARTS
_bPun
041 _2Pun
_aPun
082 _aQ8441:332wK30, 153M1
100 _aਸਤਿਬੀਰ ਸਿੰਘ
245 0 _aਨਿਰਭਉ ਨਿਰਵੈਰੁ
260 _c1981
650 _aਧਰਮ
942 _hQ8441:332wK30, 153M1
_cTEXL
_2CC
999 _c387065
_d387065